000 00583nam a2200217Ia 4500
008 170203s9999 xx 000 0 und d
020 _a9622582338
050 _a960.921
050 _b.K19 1998
245 2 _aA Timeline of the Philippine History /
260 _aMandaluyong City :
260 _bAsia Publishing House.
260 _c1998
300 _b10 v. : col. ill. ;
300 _c29 cm.
440 _vvolume 10
650 _aPhilippines --
650 _aPhilippines -- Social conditions.
650 _xHistory.
700 _aTotanes, Henry S., research editor.
999 _c305531
_d305531